Heat and mass transfer (Record no. 5861)

000 -LEADER
fixed length control field 00529nam a2200205 4500
001 - CONTROL NUMBER
control field 5861
003 - CONTROL NUMBER IDENTIFIER
control field BD-DhUET
008 - FIXED-LENGTH DATA ELEMENTS--GENERAL INFORMATION
fixed length control field 700409m19679999is a b 000 0 eng
040 ## - CATALOGING SOURCE
Original cataloging agency DLC
Transcribing agency DLC
Modifying agency BD-DhUET
082 00 - DEWEY DECIMAL CLASSIFICATION NUMBER
Classification number 621.011
Item number ECK/1959
100 ## - MAIN ENTRY--PERSONAL NAME
Personal name Eckert, R. R. G.
245 00 - TITLE STATEMENT
Title Heat and mass transfer
250 ## - EDITION STATEMENT
Edition statement 2nd ed.
260 ## - PUBLICATION, DISTRIBUTION, ETC. (IMPRINT)
Place of publication, distribution, etc. New York
Name of publisher, distributor, etc. McGraw-Hill
Date of publication, distribution, etc. 1959
300 ## - PHYSICAL DESCRIPTION
Extent xiv, 530p.
490 1# - SERIES STATEMENT
Series statement McGraw-Hill series in mechanical engineering
650 #0 - SUBJECT ADDED ENTRY--TOPICAL TERM
Topical term or geographic name as entry element Heat-Transmission
700 ## - ADDED ENTRY--PERSONAL NAME
Personal name Drake, Robert M.
942 ## - ADDED ENTRY ELEMENTS (KOHA)
Koha item type General Book
Holdings
Sublocation or collection (holding branch) Location (home branch) Koha issues (times borrowed) Damaged status Koha date last borrowed Shelving location Piece designation (barcode) Koha date last seen Price effective from Koha normalized classification for sorting Koha full call number Copy number Withdrawn status Not for loan Koha item type Lost status Date acquired Source of classification or shelving scheme
Central Library, BUETCentral Library, BUET   Circulation section366682014-11-292014-11-29621_011000000000000_ECK_1959621.011/ECK/1959   General Book 2014-11-29 
Central Library, BUETCentral Library, BUET   Circulation section148842014-12-032014-12-03621_000000000000000_011ECK1959621.011/ECK/19592  General Book 2014-12-03 
Central Library, BUETCentral Library, BUET   Circulation section113022015-04-122015-04-12621_011000000000000_ECK_1959621.011/ECK/19593  General Book 2015-04-12 
Central Library, BUETCentral Library, BUET   Circulation section312762015-04-122015-04-12621_011000000000000_ECK_1959621.011/ECK/19594  General Book 2015-04-12 
Central Library, BUETCentral Library, BUET   Circulation section312742015-04-122015-04-12621_011000000000000_ECK_1959621.011/ECK/19595  General Book 2015-04-12 
Central Library, BUETCentral Library, BUET   Circulation section312712015-04-122015-04-12621_011000000000000_ECK_1959621.011/ECK/19596  General Book 2015-04-12 
Central Library, BUETCentral Library, BUET   Circulation section312722015-04-122015-04-12621_011000000000000_ECK_1959621.011/ECK/19597  General Book 2015-04-12 
Central Library, BUETCentral Library, BUET1 2020-03-02Circulation section312772021-11-282015-04-13621_011000000000000_ECK_1959621.011/ECK/19598  General Book 2015-04-13 
Central Library, BUETCentral Library, BUET   Circulation section113012015-04-132015-04-13621_011000000000000_ECK_1959621.011/ECK/19599  General Book 2015-04-13 
Central Library, BUETCentral Library, BUET   Circulation section113032015-04-132015-04-13621_011000000000000_ECK_1959621.011/ECK/195910  General Book 2015-04-13 
Central Library, BUETCentral Library, BUET   Circulation section246252015-04-132015-04-13621_011000000000000_ECK_1959621.011/ECK/195911  General Book 2015-04-13 
Central Library, BUETCentral Library, BUET   Circulation section76522015-04-132015-04-13621_011000000000000_ECK_1959621.011/ECK/195912  General Book 2015-04-13 
Central Library, BUETCentral Library, BUET   Circulation section243202015-04-132015-04-13621_011000000000000_ECK_1959621.011/ECK/195913  General Book 2015-04-13 
Central Library, BUETCentral Library, BUET   Circulation section249762015-04-132015-04-13621_011000000000000_ECK_1959621.011/ECK/195914  General Book 2015-04-13 
Central Library, BUETCentral Library, BUET   Circulation section312752015-04-132015-04-13621_011000000000000_ECK_1959621.011/ECK/195915  General Book 2015-04-13 
Central Library, BUETCentral Library, BUET   Reading section76552015-06-162015-06-16621_011000000000000_ECK_1959621.011/ECK/195916  General Book 2015-06-16